| 000 | 00781nam a2200253Ia 4500 | ||
|---|---|---|---|
| 003 | OSt | ||
| 005 | 20220916110915.0 | ||
| 006 | a|||||r|||| 00| 0 | ||
| 007 | ta | ||
| 008 | 220915b |||||||| |||| 00| 0 hin d | ||
| 024 | _a269263 | ||
| 037 | _cTextbook | ||
| 040 |
_bhin _aARTS _cARTS |
||
| 041 | _ahin | ||
| 082 | _aO15:gx1,1, 152K4.1;3 | ||
| 100 | _aरघुवंश | ||
| 245 | 0 | _aनाट्यशास्त्र | |
| 246 | _aNāṭyashāstra | ||
| 260 |
_aदिल्ली _bमोतीलाल बनारसीदास भारत _c1964 |
||
| 300 |
_a507पण् _ccm. |
||
| 650 | _aहिन्दी साहित्य | ||
| 942 |
_hO15:gx1,1, 152K4.1;3 _cTB _2CC |
||
| 999 |
_c101002 _d101002 |
||